Ratanlal & Dhirajlal's the law of evidence / (Record no. 101750)

MARC details
000 -LEADER
fixed length control field 00735nam a22002297a 4500
005 - DATE AND TIME OF LATEST TRANSACTION
control field 20160802155852.0
010 ## - LCCN (DPL NO)
LC control number ENG-115624
020 ## - INTERNATIONAL STANDARD BOOK NUMBER
International Standard Book Number 9789351436768
Terms of availability 2495.00
035 ## - SYSTEM CONTROL NUMBER
System control number EN-99156
037 ## - SOURCE OF ACQUISITION
Source of stock number/acquisition DBAD/PUB
082 ## - DEWEY DECIMAL CLASSIFICATION NUMBER
Classification number 347.5406
100 ## - MAIN ENTRY--PERSONAL NAME
Personal name Ratanlal
245 ## - TITLE STATEMENT
Title Ratanlal & Dhirajlal's the law of evidence /
Statement of responsibility, etc by Ratanlal [and] Dhirajlal ; reviced by Shakil Ahmad Khan
250 ## - EDITION STATEMENT
Edition statement 25th ed
260 ## - PUBLICATION, DISTRIBUTION, ETC. (IMPRINT)
Place of publication, distribution, etc Gurgaon
Name of publisher, distributor, etc Lexis Nexis
Date of publication, distribution, etc 2013
270 ## - ADDRESS
Address 14th Floor, Building No 10, Tower-B, DLF Cyber City, Phase-ll,
City Gurgaon
Postal code 122002
300 ## - PHYSICAL DESCRIPTION
Extent cdxxxii,2037p.
Dimensions 24cm(Hb)
500 ## - GENERAL NOTE
General note Includes index
700 ## - ADDED ENTRY--PERSONAL NAME
Personal name DhirajLal
700 ## - ADDED ENTRY--PERSONAL NAME
Personal name Shakil Ahmad Khan
942 ## - ADDED ENTRY ELEMENTS (KOHA)
Source of classification or shelving scheme Dewey Decimal Classification
Item type English Books
Call number suffix RAT
Classification part 347.5406
Holdings
Withdrawn status Lost status Not for loan Collection code Home library Current library Date acquired Source of acquisition Cost, normal purchase price Full call number Barcode Copy number Cost, replacement price Koha item type
    Not For Loan Reference Central Library Central Library 02/08/2016 DBAD/PUB 2495.00 347.5406 RAT EN-99156 1 2495.00 English Books

© Delhi Public Library
Hit Counter
free hit counter